[Event "ICS rated blitz match"]
[Site "204.178.125.65"]
[Date "2000.05.16"]
[Round "?"]
[White "Audaz"]
[Black "Hossa"]
[Result "0-1"]
[WhiteElo "2055"]
[BlackElo "2446"]
[PlyCount "97"]
[EventDate "2000.??.??"]

1. e4 d5 2. exd5 Qxd5 3. Nc3 Qa5 4. d4 Nf6 5. Bc4 e6 6. Bd2 Bb4 7. Nf3 Nd5 8.
a3 Bxc3 9. bxc3 Nxc3 10. O-O Qa4 11. Bb3 Qxb3 12. cxb3 Nxd1 13. Rfxd1 c6 14.
Bb4 Na6 15. Bd6 Kd7 16. Bf4 f6 17. b4 Nc7 18. Bxc7 Kxc7 19. Rac1 Kd8 20. Nd2
Ke7 21. Nc4 Rd8 22. Na5 Kf7 23. f4 Kg6 24. Kf2 Rd5 25. Ke3 Kf7 26. g4 h5 27. h3
hxg4 28. hxg4 g5 29. Rd2 gxf4+ 30. Kxf4 e5+ 31. Ke3 Bxg4 32. dxe5 Rxe5+ 33. Kf4
Bc8 34. Rh1 Rf5+ 35. Ke3 Rd5 36. Rxd5 cxd5 37. Rh8 f5 38. Kf4 Kf6 39. Rh7 Kg6
40. Rc7 b6 41. Nc6 Be6 42. Ne5+ Kf6 43. b5 Rh8 44. Nd7+ Bxd7 45. Rxd7 Rh4+ 46.
Kg3 Ra4 47. Rxa7 Rxa7 48. Kf4 Ra4+ 49. Ke3 {Audaz resigns} 0-1

[Event "ICS rated blitz match"]
[Site "204.178.125.65"]
[Date "2000.05.16"]
[Round "?"]
[White "Audaz"]
[Black "Hossa"]
[Result "0-1"]
[WhiteElo "2049"]
[BlackElo "2452"]
[PlyCount "56"]
[EventDate "2000.??.??"]

1. e4 d5 2. exd5 Qxd5 3. Nc3 Qa5 4. d4 Nf6 5. Bc4 e6 6. Nge2 Nc6 7. O-O Bd6 8.
Bd2 Qh5 9. g3 O-O 10. Kg2 e5 11. Ng1 Qxd1 12. Raxd1 Nxd4 13. Bd3 Bg4 14. f3 Be6
15. Nge2 Nxe2 16. Nxe2 Bc5 17. b3 Rfd8 18. Bc3 Nd5 19. Bd2 Ne7 20. Rfe1 Rd7 21.
c3 Rxd3 22. b4 Rad8 23. bxc5 Rxd2 24. Rxd2 Rxd2 25. f4 Bc4 26. Kf3 e4+ 27. Ke3
Rxa2 28. Nd4 f5 {Audaz resigns} 0-1

[Event "ICS rated blitz match"]
[Site "204.178.125.65"]
[Date "2000.05.16"]
[Round "?"]
[White "vadux"]
[Black "Hossa"]
[Result "0-1"]
[WhiteElo "2234"]
[BlackElo "2455"]
[PlyCount "86"]
[EventDate "2000.??.??"]

1. d4 Nf6 2. c4 e6 3. Nf3 Bb4+ 4. Bd2 a5 5. Nc3 d5 6. cxd5 exd5 7. a3 Bxc3 8.
Bxc3 O-O 9. e3 Bg4 10. Be2 Nbd7 11. O-O Ne4 12. Rc1 Re8 13. h3 Bxf3 14. Bxf3
Qh4 15. Qe2 c6 16. Rfd1 f5 17. Be1 Ng5 18. Ra1 g6 19. b4 Nb6 20. bxa5 Nc4 21.
Rdb1 Reb8 22. Rb3 Ra6 23. Rab1 Ra7 24. Qd1 Nxf3+ 25. Qxf3 Qe7 26. Bb4 Qc7 27.
Qe2 Raa8 28. f3 Ra6 29. Kh1 Nxa5 30. Bxa5 Rxa5 31. Qb2 b5 32. Rc3 Ra4 33. Rbc1
Rc4 34. e4 fxe4 35. fxe4 Qf4 36. exd5 cxd5 37. Qe2 Qxd4 38. Qe6+ Kh8 39. Rxc4
dxc4 40. a4 bxa4 41. Qxc4 Qxc4 42. Rxc4 Ra8 43. Rc2 a3 {vadux resigns} 0-1

[Event "ICS rated blitz match"]
[Site "204.178.125.65"]
[Date "2000.05.16"]
[Round "?"]
[White "Hossa"]
[Black "vadux"]
[Result "1-0"]
[WhiteElo "2462"]
[BlackElo "2227"]
[PlyCount "111"]
[EventDate "2000.??.??"]

1. e4 e6 2. d4 d5 3. Nc3 Nf6 4. Bg5 Bb4 5. e5 h6 6. Bd2 Bxc3 7. bxc3 Ne4 8. Nf3
c5 9. Bd3 Nxd2 10. Qxd2 c4 11. Be2 Nc6 12. O-O Bd7 13. Rab1 b6 14. Rfe1 Qe7 15.
a4 O-O 16. Qf4 Rfb8 17. Ra1 a6 18. Rf1 Be8 19. h3 b5 20. axb5 axb5 21. Rfb1 Qb7
22. Bd1 Rxa1 23. Rxa1 Ra8 24. Rxa8 Qxa8 25. Qc1 Qa5 26. Qe3 Qa3 27. Qd2 Qa1 28.
Nh4 Qa3 29. Kh1 b4 30. cxb4 c3 31. Qe3 Qxb4 32. Nf3 Na7 33. Ng1 Bb5 34. Be2 Bc4
35. Bh5 Nb5 36. Qf4 Qe7 37. g3 f6 38. Bg6 f5 39. g4 fxg4 40. Qxg4 Na3 41. Nf3
Bb5 42. Kg1 Be2 43. Bd3 Bxf3 44. Qxf3 Qb4 45. Bg6 Qe7 46. Kf1 Nb5 47. Qg4 Na7
48. h4 Nc6 49. Qh3 Nd8 50. Qxc3 Qxh4 51. Qc7 Qg5 52. Bd3 h5 53. Qd6 h4 54. Bg6
h3 55. Qd7 h2 56. Qe8# {vadux checkmated} 1-0

[Event "ICS rated blitz match"]
[Site "204.178.125.65"]
[Date "2000.05.16"]
[Round "?"]
[White "Hossa"]
[Black "PostModernist"]
[Result "1/2-1/2"]
[WhiteElo "2469"]
[BlackElo "2694"]
[PlyCount "93"]
[EventDate "2000.??.??"]

1. d4 Nf6 2. c4 e6 3. g3 c5 4. Nf3 cxd4 5. Nxd4 Qc7 6. Nd2 Qb6 7. e3 Nc6 8. Nb5
Bb4 9. a3 Be7 10. c5 Bxc5 11. Nc4 Qd8 12. Ncd6+ Kf8 13. Bg2 Qa5+ 14. Bd2 Qb6
15. Bc3 a6 16. Bxf6 gxf6 17. Nc3 Ne5 18. Nxc8 Rxc8 19. Qd2 Nc4 20. Qxd7 Rc7 21.
Qd8+ Kg7 22. Qd1 Bxe3 23. O-O Nxb2 24. Qg4+ Kf8 25. Ne4 f5 26. Qe2 Bd4 27. Ng5
f4 28. Rab1 fxg3 29. hxg3 Qb5 30. Qd2 Rd7 31. Nf3 Bg7 32. Qc2 Bf6 33. Rfe1 Rd6
34. Re2 Rc6 35. Qd2 Nc4 36. Qe1 Qa5 37. Rxb7 Qxa3 38. Ng5 Nd6 39. Bxc6 Nxb7 40.
Nxe6+ fxe6 41. Rxe6 Bd4 42. Re8+ Kg7 43. Re7+ Kf8 44. Re8+ Kg7 45. Re7+ Kf8 46.
Re8+ Kg7 47. Re7+ 1/2-1/2

[Event "ICS rated blitz match"]
[Site "204.178.125.65"]
[Date "2000.05.16"]
[Round "?"]
[White "vadux"]
[Black "Hossa"]
[Result "0-1"]
[WhiteElo "2276"]
[BlackElo "2478"]
[PlyCount "60"]
[EventDate "2000.??.??"]

1. d4 Nf6 2. Nf3 e6 3. c3 d5 4. Bg5 Nbd7 5. e3 h6 6. Bh4 Bd6 7. Bd3 g5 8. Bg3
g4 9. Ne5 Bxe5 10. dxe5 Nh5 11. Qxg4 Qg5 12. Qxg5 hxg5 13. Nd2 Nxg3 14. fxg3
Nxe5 15. Ke2 Nxd3 16. Kxd3 e5 17. h4 Bf5+ 18. Ke2 Bg4+ 19. Kf2 e4 20. hxg5 Rg8
21. c4 O-O-O 22. cxd5 Bf5 23. Nb3 Rxd5 24. Rad1 Rxd1 25. Rxd1 c6 26. Nd4 Rxg5
27. Rh1 Kd7 28. Rh4 Bg4 29. Rh6 c5 30. Nb5 Rd5 {vadux resigns} 0-1

[Event "ICS rated blitz match"]
[Site "204.178.125.65"]
[Date "2000.05.16"]
[Round "?"]
[White "Hossa"]
[Black "vadux"]
[Result "1-0"]
[WhiteElo "2486"]
[BlackElo "2268"]
[PlyCount "123"]
[EventDate "2000.??.??"]

1. e4 d6 2. d4 Nf6 3. Nc3 g6 4. f4 Bg7 5. Nf3 O-O 6. Bd3 Na6 7. e5 Nd7 8. Ne2
c5 9. Bxa6 bxa6 10. O-O Bb7 11. exd6 exd6 12. f5 cxd4 13. Nfxd4 Ne5 14. fxg6
hxg6 15. Bf4 Rc8 16. c3 Qb6 17. Bg5 Rfe8 18. b3 Ba8 19. Qd2 a5 20. Bh4 Qb7 21.
Nf4 a4 22. Bg3 axb3 23. axb3 Qb6 24. Bf2 Qb8 25. c4 Ng4 26. Ra5 Nxf2 27. Rxf2
Qb6 28. Nb5 d5 29. Rxa7 dxc4 30. Rxf7 c3 31. Rxg7+ Kxg7 32. Nxc3 Rcd8 33. Qc1
Qxb3 34. Nh5+ Kh7 35. Nf6+ Kg7 36. Nxe8+ Rxe8 37. Qd2 Qe6 38. Qd4+ Qe5 39. Qd7+
Re7 40. Qc8 Re8 41. Qc4 Re7 42. Re2 Qc7 43. Qxc7 Rxc7 44. Re3 Bb7 45. h3 Ba8
46. Rd3 Rf7 47. Nb5 Be4 48. Rd2 g5 49. Nd6 Bg6 50. Nxf7 Bxf7 51. Rd7 Kg6 52.
Rxf7 Kxf7 53. Kf2 Kg6 54. Kf3 Kf5 55. Kg3 Kf6 56. Kg4 Kg6 57. g3 Kh6 58. Kf5
Kh5 59. g4+ Kh4 60. Kf6 Kxh3 61. Kxg5 Kg3 62. Kf5 {vadux resigns} 1-0

[Event "ICS rated blitz match"]
[Site "204.178.125.65"]
[Date "2000.05.16"]
[Round "?"]
[White "Hossa"]
[Black "Zippy"]
[Result "0-1"]
[WhiteElo "2502"]
[BlackElo "2312"]
[PlyCount "80"]
[EventDate "2000.??.??"]

1. e4 c5 2. Nf3 d6 3. d4 cxd4 4. Nxd4 Nc6 5. Nc3 Nf6 6. Bg5 e5 7. Nf3 Be7 8.
Bxf6 Bxf6 9. Nd5 O-O 10. Bc4 Bd7 11. O-O Rc8 12. Bb3 Na5 13. Qd2 Nxb3 14. axb3
a6 15. Rfd1 Bg4 16. c4 Bxf3 17. gxf3 Bh4 18. Qb4 f5 19. Qxb7 fxe4 20. f4 Rb8
21. Qxa6 Rxb3 22. Qa2 Rf3 23. Rd2 exf4 24. c5 Kh8 25. cxd6 Qxd6 26. Qa5 Qe6 27.
Qc5 Rd8 28. Nc7 Qg4+ 29. Kf1 Rc8 30. Rad1 h5 31. Qc1 e3 32. b4 Qh3+ 33. Ke2
Rxf2+ 34. Kd3 exd2+ 35. Kc4 dxc1=Q+ 36. Rxc1 Qe6+ 37. Kb5 Rb8+ 38. Kc5 Be7+ 39.
Kd4 Rd2+ 40. Kc3 Bxb4# {Hossa checkmated} 0-1

[Event "ICS rated standard match"]
[Site "204.178.125.65"]
[Date "2000.05.16"]
[Round "?"]
[White "Zippy"]
[Black "Hossa"]
[Result "1-0"]
[WhiteElo "2299"]
[BlackElo "2292"]
[PlyCount "65"]
[EventDate "2000.??.??"]

1. d4 Nf6 2. c4 e6 3. Nf3 Bb4+ 4. Nbd2 b6 5. a3 Bxd2+ 6. Bxd2 h6 7. e3 Bb7 8.
Bd3 Bxf3 9. Qxf3 Nc6 10. Bc3 d5 11. cxd5 Qxd5 12. e4 Qd7 13. d5 Ne7 14. Bxf6
gxf6 15. Qxf6 O-O-O 16. Qxf7 Kb7 17. Rc1 exd5 18. O-O Rdf8 19. Qh5 dxe4 20.
Bxe4+ c6 21. Rfd1 Qc7 22. Qh3 Rd8 23. Rxd8 Qxd8 24. Qe6 Qc7 25. Qf6 Rd8 26.
Qxh6 Rd6 27. Qg5 Qd7 28. h4 Qd8 29. h5 Qf8 30. b4 a6 31. Re1 Rd7 32. h6 Qh8 33.
h7 {Hossa resigns} 1-0

[Event "ICS rated blitz match"]
[Site "204.178.125.65"]
[Date "2000.05.16"]
[Round "?"]
[White "Sjeng"]
[Black "Hossa"]
[Result "0-1"]
[WhiteElo "2396"]
[BlackElo "2474"]
[PlyCount "52"]
[EventDate "2000.??.??"]

1. d4 Nf6 2. c4 e6 3. Nc3 Bb4 4. e3 b6 5. Nge2 Ba6 6. Ng3 Nc6 7. Be2 Na5 8. Qa4
c5 9. dxc5 bxc5 10. a3 Bxc3+ 11. bxc3 h5 12. h4 Bb7 13. O-O Ng4 14. Bd2 Bc6 15.
Qc2 Qxh4 16. Bxg4 hxg4 17. Rfb1 Qh2+ 18. Kf1 Qxg2+ 19. Ke2 Rh2 20. Rg1 Qxf2+
21. Kd3 Be4+ 22. Kxe4 Nxc4 23. Qa4 f5+ 24. Kd3 Ne5+ 25. Kc2 Qxd2+ 26. Kb1 Qb2#
{Sjeng checkmated} 0-1

[Event "ICS rated blitz match"]
[Site "204.178.125.65"]
[Date "2000.05.16"]
[Round "?"]
[White "Hossa"]
[Black "Sjeng"]
[Result "1-0"]
[WhiteElo "2486"]
[BlackElo "2384"]
[PlyCount "61"]
[EventDate "2000.??.??"]

1. e4 e5 2. Nf3 Nc6 3. Nc3 Nf6 4. Nxe5 Nxe5 5. d4 Nc6 6. d5 Ne5 7. f4 Ng6 8. e5
Ng8 9. d6 cxd6 10. exd6 Qf6 11. Nb5 Rb8 12. Be3 Qxb2 13. Bxa7 Nxf4 14. Bxb8
Nxg2+ 15. Bxg2 Qxb5 16. Qd4 f6 17. Bd5 Qa5+ 18. Kf2 Bxd6 19. Bxd6 Kd8 20. Bc5
Kc7 21. Bxg8 Qa6 22. Bc4 b5 23. Qf4+ Kd8 24. Rhe1 d6 25. Bxb5 Qxb5 26. Qxd6+
Bd7 27. Bb6+ Qxb6+ 28. Qxb6+ Kc8 29. Re7 Re8 30. Rb1 Rxe7 31. Qb8# {
Sjeng checkmated} 1-0

[Event "ICS rated blitz match"]
[Site "204.178.125.65"]
[Date "2000.05.16"]
[Round "?"]
[White "Sjeng"]
[Black "Hossa"]
[Result "1-0"]
[WhiteElo "2373"]
[BlackElo "2497"]
[PlyCount "121"]
[EventDate "2000.??.??"]

1. e4 e5 2. Nf3 Nc6 3. Bb5 a6 4. Ba4 Nf6 5. O-O Be7 6. Re1 b5 7. Bb3 d6 8. c3
O-O 9. d4 Bg4 10. d5 Na5 11. Bc2 c6 12. a4 Qc7 13. axb5 cxd5 14. b6 Qxb6 15.
exd5 Qb5 16. Bg5 Nc4 17. Bxf6 Bxf6 18. Qd3 g6 19. b3 Nb2 20. Qd2 Rfe8 21. Ra2
e4 22. Bxe4 Bxf3 23. gxf3 Nd3 24. Na3 Qxb3 25. Rb1 Bxc3 26. Rxb3 Bxd2 27. Rxd2
Ne5 28. Rd1 f5 29. Bc2 a5 30. f4 Nf7 31. Rb7 Rec8 32. Re1 Rc3 33. Ree7 Rf8 34.
Nb5 Rxc2 35. Nxd6 Re2 36. Rxf7 Rxf7 37. Nxf7 Rd2 38. d6 Rd1+ 39. Kg2 a4 40. d7
h5 41. d8=Q+ Rxd8 42. Nxd8 a3 43. Ne6 a2 44. Rg7+ Kh8 45. Ra7 Kg8 46. Rxa2 Kf7
47. Ng5+ Ke8 48. Ra6 h4 49. Rxg6 Ke7 50. Re6+ Kd8 51. Kh3 Kc7 52. Kxh4 Kb7 53.
Nf7 Kc8 54. Re7 Kb8 55. f3 Ka8 56. Kg5 Kb8 57. h4 Ka8 58. h5 Kb8 59. h6 Kc8 60.
h7 Kb8 61. h8=Q# {Hossa checkmated} 1-0

[Event "ICS rated blitz match"]
[Site "204.178.125.65"]
[Date "2000.05.16"]
[Round "?"]
[White "Hossa"]
[Black "rvalenti"]
[Result "1-0"]
[WhiteElo "2476"]
[BlackElo "1989"]
[PlyCount "37"]
[EventDate "2000.??.??"]

1. e4 g6 2. d4 Bg7 3. Nc3 c6 4. Nf3 d5 5. h3 Nf6 6. e5 Ne4 7. Nxe4 dxe4 8. Ng5
c5 9. Bc4 O-O 10. e6 f6 11. Nxe4 b5 12. Nxc5 bxc4 13. Qf3 Qc7 14. Qxa8 Nc6 15.
c3 f5 16. O-O Nxd4 17. cxd4 Bxd4 18. Nd7 Bxd7 19. Qd5 {rvalenti resigns} 1-0

[Event "ICS rated blitz match"]
[Site "204.178.125.65"]
[Date "2000.05.16"]
[Round "?"]
[White "rvalenti"]
[Black "Hossa"]
[Result "0-1"]
[WhiteElo "1987"]
[BlackElo "2478"]
[PlyCount "32"]
[EventDate "2000.??.??"]

1. d3 d5 2. g3 e5 3. Bg2 c6 4. Nd2 Nf6 5. Ngf3 Nbd7 6. O-O Be7 7. e4 O-O 8. Re1
dxe4 9. dxe4 Qc7 10. a4 Bb4 11. c3 Bc5 12. a5 Ng4 13. Rf1 Rd8 14. h3 Ngf6 15.
Qe2 Nh5 16. Nc4 Nxg3 {rvalenti resigns} 0-1

[Event "ICS rated blitz match"]
[Site "204.178.125.65"]
[Date "2000.05.16"]
[Round "?"]
[White "Hossa"]
[Black "Raynor"]
[Result "1-0"]
[WhiteElo "2480"]
[BlackElo "2444"]
[PlyCount "89"]
[EventDate "2000.??.??"]

1. e4 c5 2. Nf3 d6 3. d4 Nf6 4. Nc3 cxd4 5. Nxd4 a6 6. Be2 e5 7. Nf3 h6 8. O-O
Be6 9. Be3 Nc6 10. Nd5 Bxd5 11. exd5 Ne7 12. c4 Nf5 13. Bc1 Be7 14. Bd3 Nd4 15.
Nxd4 exd4 16. Bf5 O-O 17. Qxd4 Nd7 18. Re1 Bf6 19. Qd3 Re8 20. Be3 Nc5 21. Bxc5
dxc5 22. Rxe8+ Qxe8 23. Qc2 Qe5 24. Rb1 Re8 25. Bd3 a5 26. Qa4 b6 27. Qb3 Qd6
28. Qc2 Bd4 29. Rd1 Qe5 30. b3 Rd8 31. Bh7+ Kf8 32. Bf5 Kg8 33. a3 Rd6 34. Bh7+
Kf8 35. Be4 Kg8 36. Qd3 Rf6 37. Bf3 Qf5 38. Qe2 Qe5 39. Qxe5 Bxe5 40. Re1 Rf5
41. Re3 Kf8 42. Bg4 Rg5 43. Bd7 f6 44. h4 Rh5 45. g3 {Raynor resigns} 1-0

[Event "ICS rated blitz match"]
[Site "204.178.125.65"]
[Date "2000.05.16"]
[Round "?"]
[White "Raynor"]
[Black "Hossa"]
[Result "1-0"]
[WhiteElo "2430"]
[BlackElo "2494"]
[PlyCount "121"]
[EventDate "2000.??.??"]

1. d4 d5 2. Nf3 Nf6 3. Bg5 e6 4. Nbd2 Be7 5. e3 Nbd7 6. Bd3 c5 7. c3 Bd6 8. O-O
h6 9. Bh4 Qb6 10. Rb1 c4 11. Bc2 g5 12. Bg3 Bxg3 13. hxg3 g4 14. Ne5 h5 15. e4
Nxe5 16. dxe5 Nd7 17. exd5 exd5 18. b3 Qh6 19. Qe2 h4 20. bxc4 hxg3 21. fxg3 a6
22. cxd5 b5 23. Ne4 Kd8 24. Nd6 Qh2+ 25. Kf2 Kc7 26. Rh1 Qxh1 27. Rxh1 Rxh1 28.
Nxf7 Nc5 29. Qe3 Kb6 30. Nd6 Bd7 31. Ne4 Rc8 32. e6 Be8 33. d6 Rh5 34. Nxc5
Rcxc5 35. d7 Bxd7 36. exd7 Rhd5 37. Qe7 Rd2+ 38. Ke3 Rxd7 39. Qxd7 Rxc3+ 40.
Kd2 Rc4 41. Qd6+ Rc6 42. Qd4+ Kc7 43. Qxg4 Rd6+ 44. Bd3 Rd7 45. Qf4+ Kc6 46. g4
Rd6 47. g5 Rd7 48. g6 Kb7 49. Qf6 Kc7 50. g7 Rd8 51. Qxd8+ Kxd8 52. g8=Q+ Kc7
53. g4 Kd6 54. g5 b4 55. g6 a5 56. g7 Ke7 57. Qf8+ Kd7 58. g8=Q Kc6 59. Qc4+
Kb7 60. Qfc8+ Kb6 61. Q4a6# {Hossa checkmated} 1-0

[Event "ICS rated blitz match"]
[Site "204.178.125.65"]
[Date "2000.05.16"]
[Round "?"]
[White "Hossa"]
[Black "Raynor"]
[Result "1-0"]
[WhiteElo "2475"]
[BlackElo "2449"]
[PlyCount "65"]
[EventDate "2000.??.??"]

1. e4 c5 2. Nf3 d6 3. d4 Nf6 4. Nc3 cxd4 5. Nxd4 g6 6. Bb5+ Nbd7 7. f4 a6 8.
Be2 Bg7 9. Bf3 O-O 10. O-O e5 11. Nb3 Qb6+ 12. Rf2 exf4 13. a4 Ne5 14. a5 Qc7
15. Bxf4 Be6 16. Nd4 Rfd8 17. Bg5 h6 18. Bh4 Rac8 19. Be2 g5 20. Nxe6 fxe6 21.
Bg3 Nfd7 22. Bf1 Rf8 23. Rd2 Qc5+ 24. Rf2 Rcd8 25. Be2 Rxf2 26. Bxf2 Qb4 27.
Ra3 Nc5 28. Na2 Qxb2 29. Bxc5 Nf7 30. Bb4 Bd4+ 31. Kh1 Bc5 32. Ra4 Rc8 33. Bc3
{Raynor resigns} 1-0

[Event "ICS rated blitz match"]
[Site "204.178.125.65"]
[Date "2000.05.16"]
[Round "?"]
[White "Raynor"]
[Black "Hossa"]
[Result "0-1"]
[WhiteElo "2434"]
[BlackElo "2490"]
[PlyCount "128"]
[EventDate "2000.??.??"]

1. d4 Nf6 2. Nf3 e6 3. Bg5 Be7 4. Nbd2 d5 5. e3 Nbd7 6. Bd3 c5 7. c3 cxd4 8.
exd4 h6 9. Bh4 g5 10. Bg3 Nh5 11. O-O g4 12. Ne5 Nxg3 13. hxg3 Nxe5 14. dxe5
Qb6 15. Rb1 h5 16. Qe2 Bd7 17. Nb3 O-O-O 18. Qe3 Qxe3 19. fxe3 Rhf8 20. e4 Bc6
21. Nd4 dxe4 22. Nxc6 Bc5+ 23. Kh2 Rxd3 24. Na5 b6 25. Nc4 b5 26. Na5 Bb6 27.
Nb3 Rd5 28. Rbe1 Rxe5 29. Nd4 f5 30. Nc6 Rc5 31. Ne7+ Kd7 32. Ng6 Rf6 33. Rd1+
Kc7 34. Nf4 Rh6 35. Rd2 Rc6 36. Rfd1 Kb7 37. Rd7+ Ka6 38. Ne2 Rc7 39. R7d6 Re7
40. a4 bxa4 41. Ra1 Kb5 42. Nd4+ Bxd4 43. Rxd4 Rhh7 44. Rb4+ Kc5 45. Raxa4 Rb7
46. Rc4+ Kd5 47. Rd4+ Ke5 48. Ra5+ Kf6 49. b4 Rhe7 50. Kg1 Rec7 51. Ra3 Rb5 52.
Kf2 Rd5 53. Ke3 Rxd4 54. Kxd4 Rd7+ 55. Ke3 Rd3+ 56. Kf2 a6 57. Rxa6 Rxc3 58. b5
Rb3 59. Rb6 Rb2+ 60. Kf1 Ke5 61. Rb8 Kd4 62. Rc8 Ke3 63. Rc3+ Kd2 64. Rc6 Rb1+
{Raynor resigns} 0-1

[Event "ICS rated blitz match"]
[Site "204.178.125.65"]
[Date "2000.05.16"]
[Round "?"]
[White "Hossa"]
[Black "pavo"]
[Result "1/2-1/2"]
[WhiteElo "2503"]
[BlackElo "2299"]
[PlyCount "96"]
[EventDate "2000.??.??"]

1. e4 e5 2. Nf3 Nc6 3. Nc3 Nf6 4. Nxe5 Nxe5 5. d4 Nc6 6. d5 Ne5 7. f4 Ng6 8. e5
Ng8 9. d6 cxd6 10. exd6 Qf6 11. Nb5 Kd8 12. Be3 Qxb2 13. Bd4 Qb4+ 14. c3 Qb2
15. Rb1 Qxa2 16. g3 Nh6 17. Ra1 Qe6+ 18. Be2 Qe4 19. O-O Nf5 20. Bf3 Nxd4 21.
Bxe4 Nxb5 22. Qd5 Nxd6 23. Rfe1 Nxe4 24. Rxe4 f6 25. Qa5+ b6 26. Qd5 Bc5+ 27.
Kh1 Kc7 28. Qxa8 Bb7 29. Qxa7 f5 30. Rd1 d6 31. Qxb7+ Kxb7 32. Re2 Kc6 33. Rc1
Ra8 34. h4 d5 35. h5 Ne7 36. h6 gxh6 37. Re6+ Kb5 38. Rxh6 Kc4 39. Rxh7 Ra3 40.
Re1 Nc8 41. Rc7 Nd6 42. Re6 Ne4 43. Rxb6 Rxc3 44. Rb1 Rc2 45. Rxc5+ Kxc5 46.
Kg1 Nxg3 47. Rb5+ Kd4 48. Rxd5+ Kxd5 {Hossa stalemated} 1/2-1/2

[Event "ICS rated blitz match"]
[Site "204.178.125.65"]
[Date "2000.05.16"]
[Round "?"]
[White "Hossa"]
[Black "vadux"]
[Result "1-0"]
[WhiteElo "2495"]
[BlackElo "2162"]
[PlyCount "25"]
[EventDate "2000.??.??"]

1. e4 e5 2. Nf3 Nc6 3. Nc3 Nf6 4. Nxe5 Nxe5 5. d4 Nc6 6. d5 Ne5 7. f4 Ng6 8. e5
Ng8 9. d6 cxd6 10. exd6 f5 11. Nb5 Kf7 12. Bc4+ Kf6 13. Qd4+ 1-0

[Event "ICS Rated standard match"]
[Site "204.178.125.65"]
[Date "2000.05.16"]
[Round "?"]
[White "cmslim"]
[Black "Hossa"]
[Result "1-0"]
[WhiteElo "2569"]
[BlackElo "2304"]
[PlyCount "109"]
[EventDate "2000.??.??"]

1. e4 e5 2. Nf3 Nc6 3. Bb5 a6 4. Ba4 Nf6 5. O-O Be7 6. Re1 b5 7. Bb3 d6 8. c3
O-O 9. h3 Na5 10. Bc2 c5 11. d4 Qc7 12. Nbd2 cxd4 13. cxd4 Bb7 14. Nf1 Rac8 15.
Re2 d5 16. dxe5 Nxe4 17. Ng3 f5 18. exf6 Bxf6 19. Bxe4 dxe4 20. Nxe4 Rcd8 21.
Qe1 Bxe4 22. Rxe4 Nc4 23. Qe2 Qd7 24. a4 Qd1+ 25. Kh2 Qb3 26. Ng5 Bxb2 27. Bxb2
Qxb2 28. Qxb2 Nxb2 29. Ne6 Rde8 30. axb5 axb5 31. Ra7 Kh8 32. f3 Rg8 33. Nc7
Rb8 34. Rb4 Nc4 35. Rxb5 Rbd8 36. Ne6 Rde8 37. Nf4 Rgf8 38. Nd5 Re1 39. Rbb7
Rg8 40. Nf6 Ra1 41. Rxa1 gxf6 42. Raa7 Rc8 43. Rxh7+ Kg8 44. h4 Ne3 45. h5 Nf5
46. g4 Rc2+ 47. Kh3 Rc3 48. gxf5 Rxf3+ 49. Kg4 Rf1 50. Rag7+ Kf8 51. h6 Rg1+
52. Kf3 Rxg7 53. Rxg7 Ke8 54. h7 Kf8 55. h8=Q# {Hossa checkmated} 1-0

[Event "ICS rated blitz match"]
[Site "204.178.125.65"]
[Date "2000.05.16"]
[Round "?"]
[White "WitPaard"]
[Black "Hossa"]
[Result "0-1"]
[WhiteElo "2266"]
[BlackElo "2499"]
[PlyCount "70"]
[EventDate "2000.??.??"]

1. e4 e5 2. d4 exd4 3. Qxd4 Nc6 4. Qe3 Nf6 5. Nc3 Bb4 6. Bd2 O-O 7. O-O-O Re8
8. Qg3 Rxe4 9. a3 Rg4 10. Qe3 Ba5 11. f3 Rd4 12. Nge2 Nd5 13. Qf2 Nxc3 14. Nxc3
Bxc3 15. Bxc3 Rxd1+ 16. Kxd1 d5 17. h4 d4 18. Bd2 Qd5 19. b3 Bf5 20. h5 Qc5 21.
Bc1 Re8 22. g4 Bc8 23. g5 Bf5 24. g6 fxg6 25. hxg6 Bxg6 26. Bc4+ Kh8 27. Qg3
Ne5 28. f4 Bxc2+ 29. Kxc2 Nxc4 30. bxc4 Qxc4+ 31. Kb1 Re2 32. Rxh7+ Kxh7 33.
Qh4+ Kg6 34. f5+ Kf7 35. Qh5+ Kg8 {WitPaard resigns} 0-1

[Event "ICS rated blitz match"]
[Site "204.178.125.65"]
[Date "2000.05.16"]
[Round "?"]
[White "Hossa"]
[Black "WitPaard"]
[Result "0-1"]
[WhiteElo "2506"]
[BlackElo "2259"]
[PlyCount "138"]
[EventDate "2000.??.??"]

1. e4 e5 2. Nf3 Nc6 3. Nc3 Nf6 4. Nxe5 Nxe5 5. d4 Ng6 6. e5 Ng8 7. Bc4 c6 8.
Qf3 d5 9. exd6 Nf6 10. Qe2+ Kd7 11. Nb5 Bxd6 12. Nxd6 Kxd6 13. Bxf7 Qe7 14.
Qxe7+ Kxe7 15. Bxg6 hxg6 16. Bg5 Bf5 17. Kd2 Kf7 18. f3 Rad8 19. Kc3 Rd5 20.
Be3 Rd7 21. Bf2 a5 22. Kd2 g5 23. g4 Be6 24. c3 Bd5 25. Kc1 Bxf3 26. Rf1 Bxg4
27. Bg3 Kg6 28. Re1 Nd5 29. Kd2 Nf4 30. Re5 Nh5 31. Bf2 a4 32. Rf1 Nf6 33. Bg3
Rd5 34. Kd3 b5 35. Kd2 Rxe5 36. dxe5 Ne4+ 37. Ke3 Nxg3 38. hxg3 Rh3 39. Rg1 Rh2
40. b3 Rxa2 41. bxa4 bxa4 42. Kd4 a3 43. Kc5 Rc2 44. c4 a2 45. Re1 Be6 46. Ra1
Bxc4 47. Kxc6 Rb2 48. Kc5 Bf7 49. Rd1 Rb1 50. Rd6+ Kf5 51. Ra6 a1=Q 52. Rxa1
Rxa1 53. Kd6 Ra6+ 54. Ke7 Be6 55. Kf8 Kxe5 56. Kxg7 Bg4 57. Kf7 Ke4 58. Ke7 Kf3
59. Kf7 Kxg3 60. Ke7 Kf4 61. Ke8 Bh5+ 62. Ke7 g4 63. Kd7 g3 64. Kc7 g2 65. Kb7
Be2 66. Kc7 g1=Q 67. Kc8 Qg7 68. Kb8 Rh6 69. Kc8 Rh8# {Hossa checkmated} 0-1

[Event "ICS rated blitz match"]
[Site "204.178.125.65"]
[Date "2000.05.16"]
[Round "?"]
[White "cmslim"]
[Black "Hossa"]
[Result "1-0"]
[WhiteElo "2251"]
[BlackElo "2480"]
[PlyCount "69"]
[EventDate "2000.??.??"]

1. e4 c6 2. d4 Na6 3. Nf3 g6 4. Nc3 Nc7 5. Be2 d5 6. exd5 cxd5 7. Bf4 Nf6 8.
O-O Bg7 9. Bb5+ Kf8 10. Bd3 Bg4 11. h3 Bxf3 12. Qxf3 Nfe8 13. Ne2 Ne6 14. Be3
Nf6 15. c4 Rb8 16. c5 b6 17. b4 bxc5 18. bxc5 Rb2 19. Rfb1 Qb8 20. a4 Rb3 21.
Nf4 Nxf4 22. Bxf4 Qb4 23. c6 Ne8 24. Rxb3 Qxb3 25. Rb1 Qa2 26. Rb8 e5 27. c7
exf4 28. Rxe8+ Kxe8 29. c8=Q+ Ke7 30. Qc7+ Ke6 31. Qg4+ f5 32. Bxf5+ gxf5 33.
Qc6+ Kf7 34. Qd7+ Kg8 35. Qgxg7# {Hossa checkmated} 1-0

[Event "ICS rated blitz match"]
[Site "204.178.125.65"]
[Date "2000.05.16"]
[Round "?"]
[White "QueenMaxima"]
[Black "Hossa"]
[Result "1-0"]
[WhiteElo "2549"]
[BlackElo "2473"]
[PlyCount "143"]
[EventDate "2000.??.??"]

1. e4 c6 2. d4 Na6 3. Nf3 d6 4. Nc3 Nc7 5. Be2 Nf6 6. O-O Bg4 7. Bg5 d5 8. e5
Ne4 9. Bh4 g6 10. h3 Nxc3 11. bxc3 Bxf3 12. Bxf3 Bh6 13. Qb1 Rb8 14. Qb4 Bf4
15. Rab1 g5 16. Bg3 Bxg3 17. fxg3 O-O 18. Qc5 a6 19. Bg4 Qe8 20. Rf5 h6 21. Rf3
Nb5 22. a4 b6 23. Qb4 Nc7 24. Qa3 Qd8 25. Re1 b5 26. Qc5 Qe8 27. Ref1 bxa4 28.
Bh5 Ne6 29. Qa5 Nd8 30. e6 Nxe6 31. Bxf7+ Rxf7 32. Rxf7 Nf4 33. Rf5 Qc8 34. Re5
Ng6 35. Re2 g4 36. h4 h5 37. Qxa4 c5 38. Qa2 c4 39. Ref2 Qc6 40. Qa3 Qe6 41.
Qc1 Rf8 42. Re1 Qb6 43. Rxf8+ Nxf8 44. Qg5+ Qg6 45. Re5 e6 46. Qxg6+ Nxg6 47.
Rxe6 Kg7 48. Rxa6 Ne7 49. Ra7 Kf6 50. Ra5 Kf7 51. Kf2 Ke6 52. Ra6+ Kd7 53. Rh6
Ng8 54. Rxh5 Nf6 55. Re5 Kd6 56. h5 Ng8 57. Ke3 Nh6 58. Rg5 Ke7 59. Rxd5 Ng8
60. Rg5 Kf7 61. d5 Nh6 62. Ke4 Kf8 63. d6 Ke8 64. Rg7 Kd8 65. Kd5 Nf5 66. Rh7
Nh6 67. Rxh6 Kd7 68. Rh7+ Kd8 69. h6 Kc8 70. Rc7+ Kd8 71. h7 Ke8 72. h8=Q# {
Hossa checkmated} 1-0